| 000 | 00771nam a22002177a 4500 | ||
|---|---|---|---|
| 999 |
_c15472 _d15472 |
||
| 003 | AR-CdUCM | ||
| 008 | 190427b ||||| |||| 00| 0 spa d | ||
| 040 |
_aMUNICIPALIDAD PROVINCIAL DEL CUSCO _cBIBLIOTECA MUNICIPAL DEL CUSCO |
||
| 082 |
_a918.5 / _bS81 |
||
| 100 |
_aStiglich, Germán _930302 |
||
| 245 | _aDiccionario geográfico del Perú / | ||
| 260 |
_aLima : _bImpr. Torres Aguirre, _c1923 |
||
| 300 |
_a483 páginas ; _bIlustraciones, _c29 cm. |
||
| 500 | _aObra premiada con medallas de oro por las municipalidades de Lima y Callao en el Centenario | ||
| 505 | _aContenido: Diccionario geográfico peruano. | ||
| 650 |
_aDiccionario _95196 |
||
| 650 |
_aGeografía peruana _95430 |
||
| 650 |
_aPerú _935 |
||
| 942 |
_2ddc _cLIBROS |
||
| 945 |
_adavv _d27/04/2015 |
||